Sports Quiz

Random Sports or Football Quiz

Team of the Year 2014/15 Big 5 Football Leagues Quiz Stats

 Plays Quiz not verified by Sporcle

Challenge
Share
Tweet
Embed
Score 0/65 Timer 12:00
0 Plays Today
Hint Answer % Correct
English Premier LeagueDavid De Gea
97.7%
English Premier LeagueSergio Aguero
97.7%
English Premier LeagueJohn Terry
94.3%
English Premier LeagueBranislav Ivanovic
94.3%
English Premier LeagueHarry Kane
94.3%
English Premier LeagueJose Mourinho
94.3%
English Premier LeagueHarry Kane
94.3%
English Premier LeagueEden Hazard
92%
English Premier LeagueAlexis Sanchez
92%
French Ligue 1Thiago Silva
89.8%
Spanish La LigaCristiano Ronaldo
89.8%
Spanish La LigaLionel Messi
89.8%
English Premier LeagueNemanja Matic
88.6%
French Ligue 1Zlatan Ibrahimovic
88.6%
English Premier LeagueCesar Azpilicueta
86.4%
German BundesligaJerome Boateng
86.4%
Spanish La LigaGerard Pique
86.4%
German BundesligaRobert Lewandowski
83%
Spanish La LigaDiego Alves
83%
Spanish La LigaDani Alves
83%
English Premier LeaguePhilippe Coutinho
80.7%
French Ligue 1Anthony Lacazette
79.5%
Spanish La LigaLuis Enrique
79.5%
German BundesligaArjen Robben
78.4%
Spanish La LigaSergio Busquets
78.4%
German BundesligaDavid Alaba
76.1%
Italian Serie ACarlos Tevez
75%
French Ligue 1Laurent Blanc
72.7%
French Ligue 1Marco Verratti
70.5%
Italian Serie ALeonardo Bonucci
70.5%
Italian Serie AAndrea Pirlo
69.3%
English Premier LeagueJose Fonte
68.2%
French Ligue 1Javier Pastore
62.5%
Hint Answer % Correct
Italian Serie AClaudio Marchisio
62.5%
Spanish La LigaCarlos Bacca
61.4%
German BundesligaKevin De Bruyne
58%
German BundesligaBernd Leno
55.7%
French Ligue 1Maxwell
54.5%
Spanish La LigaNicolas Otamendi
44.3%
French Ligue 1Nabil Fekir
42%
French Ligue 1Nabil Fekir
42%
French Ligue 1Anthony Lopes
37.5%
German BundesligaNaldo
36.4%
Italian Serie AAntonio Candreva
36.4%
French Ligue 1Dimitri Payet
34.1%
French Ligue 1Aymen Abdennour
30.7%
German BundesligaGranit Xhaka
30.7%
Italian Serie AFelipe Anderson
27.3%
Spanish La LigaJose Gaya
26.1%
Spanish La LigaDani Parejo
25%
French Ligue 1Fabinho
23.9%
German BundesligaGonzalo Castro
20.5%
German BundesligaLucien Favre
19.3%
Spanish La LigaGrzegorz Krychowiak
19.3%
German BundesligaPatrick Herrmann
18.2%
German BundesligaPaul Verhaegh
17%
Italian Serie ADaniele Rugani
15.9%
Italian Serie AMohamed Salah
15.9%
Italian Serie ADaniele Rugani
15.9%
Italian Serie AAlessio Romagnoli
10.2%
Italian Serie AMirko Valdifiori
9.1%
Italian Serie AStefano Pioli
9.1%
Italian Serie AMarco Sportiello
8%
Spanish La LigaJonathas
6.8%
German BundesligaDavie Selke
5.7%

You're not logged in!

Compare scores with friends on all Sporcle quizzes.
Join for Free
OR
Log In

You Might Also Like...

Show Comments

Extras

Top Quizzes Today


Score Distribution

Your Account Isn't Verified!

In order to create a playlist on Sporcle, you need to verify the email address you used during registration. Go to your Sporcle Settings to finish the process.

Report this User

Report this user for behavior that violates our Community Guidelines.

Details: